عرض عادي
عرض مارك
- Biomedical materials
مدخل مصطلح موضوعي
001 - رقم الضبط
- حقل الضبط: 41079
003 - معرف رقم الضبط
- حقل الضبط: OSt
005 - تاريخ ووقت أخر عملية
- حقل الضبط: 20131214175413.0
008 - عناصر بيانات ثابتة الطول
- حقل تحكم ثابت الطول: 131214|||a|||||| | ||| d
040 ## - مصدر الفهرسة
- هيئة الفهرسة الأصلية: OSt
- وكالة الكتابة: OSt
150 ## - مدخل-- مصطلح تاريخي
- عنصر مدخل المصطلح الموضوعي او الاسم الجغرافي: Biomedical materials
- تفريع شكلي: Laboratory manuals.
670 ## - بيانات المصدر موجوده
- الاستشهاد بالمصدر: Work cat.: (OSt)0: Xian, Wujing. 41078, A laboratory course in biomaterials /, c2009.
